000 00718nam a22002297a 4500
005 20170124110012.0
010 _aA-136827
020 _c00.00
035 _aA-136827
037 _bCen Lib/Ret
040 _aDPL
_bEN
082 _a301.450954
_bSIN
100 _aSinha, B. B.
_917876
245 _aSociety in tribal India /
_cby B. B. Sinha
260 _aDelhi
_bB.R. Publishing
_c1982
270 _a461, Vivekanand Nagar
_bDelhi
_e110052
300 _axi,263p.
_c21cm(Hb)
500 _aIncludes bibliographical reference and index
650 _aEthnology -- India -- Chota Nāgpur
_917877
650 _aChota Nāgpur (India) -- Social conditions
_917878
942 _2ddc
_cEN
_h301.450954
_mSIN
999 _c126575
_d126575